| 000 | 00556nam a2200121Ia 4500 | ||
|---|---|---|---|
| 008 | 220620s9999||||xx |||||||||||||| ||und|| | ||
| 245 | 0 |
_aClimate Change and Community Resilience _bInsights from South Asia |
|
| 546 | _aEnglish[eng] | ||
| 650 | _aCommunity Resilience||Community Based Climate Change Adaptation||Climate Migration||Open Access||Poverty||South Asia||SDGs | ||
| 700 | _aEnamul Haque, A.K.||Mukhopadhyay, Pranab||Nepal, Mani||Shammin, Md Rumi | ||
| 856 | _uhttps://library.oapen.org/bitstream/20.500.12657/51500/1/9789811606809.pdf | ||
| 942 | _cEB | ||
| 999 |
_c35053 _d35053 |
||